Recalibrate: Changing paradigms (Record no. 1309856)

MARC details
000 -LEADER
fixed length control field 01121nam a2200229 4500
005 - DATE AND TIME OF LATEST TRANSACTION
control field 20250501095805.0
008 - FIXED-LENGTH DATA ELEMENTS--GENERAL INFORMATION
fixed length control field 250501b |||||||| |||| 00| 0 eng d
020 ## - INTERNATIONAL STANDARD BOOK NUMBER
International Standard Book Number 9789355202802
037 ## - SOURCE OF ACQUISITION
Terms of availability Textual
040 ## - CATALOGING SOURCE
Original cataloging agency RTL
Transcribing agency RTL
084 ## - COLON CLASSIFICATION NUMBER
Classification number X7:(G:55).2 R2
Assigning agency RTL
100 ## - MAIN ENTRY--PERSONAL NAME
Personal name Singh, N.K.
9 (RLIN) 387438
245 ## - TITLE STATEMENT
Title Recalibrate: Changing paradigms
260 ## - PUBLICATION, DISTRIBUTION, ETC.
Place of publication, distribution, etc. New Delhi
Name of publisher, distributor, etc. Rupa Publications
Date of publication, distribution, etc. 2022
300 ## - PHYSICAL DESCRIPTION
Extent xviii, 323 p. ill.
Other physical details Includes index
520 ## - SUMMARY, ETC.
Summary, etc. The world today is in constant flux. However, rarely has the pace of change been so multidimensional; faster than our ability to adjust. Geopolitics is changing; the land wars in Europe are evolving; technology is offering newer possibilities every day; climate change is making long-term survival look difficult; and the biology of the pandemic continues to surprise us. None of this may be new, but their constellation is perhaps unique.<br/>
650 ## - SUBJECT ADDED ENTRY--TOPICAL TERM
Topical term or geographic name entry element Governance- Bureaucrats- Politicians
9 (RLIN) 753609
650 ## - SUBJECT ADDED ENTRY--TOPICAL TERM
Topical term or geographic name entry element Public Health
650 ## - SUBJECT ADDED ENTRY--TOPICAL TERM
Topical term or geographic name entry element Reforms- Economy- India
9 (RLIN) 753610
700 ## - ADDED ENTRY--PERSONAL NAME
Relator term Mishra, P.K.
942 ## - ADDED ENTRY ELEMENTS (KOHA)
Source of classification or shelving scheme Colon Classification (CC)
Suppress in OPAC No
Koha item type Textbook
Classification part X7:(G:55).2 R2

No items available.

Copyright @ Delhi University Library System